000 01158nam a22003857a 4500
001 BR8108609
003 BR-BrBNA
005 20230928091203.0
007 ta
008 230509b bl.||||| |||| 00| 0 por d
040 _aBR-BrBNA
_bpor
_cBiblioteca Nacional de Agricultura
041 _a(Por)
072 _aP00; E10; E50
_b/G514
090 _ P00 BR8108609
110 1 _aCompanhia de Desenvolvimento do Planalto Central, Brasilia, DF (Brasil)
_92354
245 1 _aEstudo das potencialidades dos municipios da regiao geoeconomica de Brasilia. v. 25. Sao Francisco de Goias, Goias. Aspectos fisicos e socio-economicos-1981 [Brasil]
260 3 _aBrasilia, DF (Brasil):
_c1981.
300 _a15 p.
500 _a5 illus.; 2 Maps, scale 1:150.000; 5 Maps, scale 1:250.000
650 _aRECURSO NATURAL
650 _aSOLO
650 _aVEGETACAO
650 _aRELEVO
650 _aCLIMA
650 _aECONOMIA AGRICOLA
650 _aTRANSPORTE
650 _aCOMERCIO
650 _aDEMOGRAFIA
650 _aSAUDE
650 _aEDUCACAO
650 _aMAPA
650 _aGOIAS
909 _a202309
_bLucia
_c55
_dLucia Elande
942 _cBK
999 _c32715
_d32715